Dynamics and modelling of reactive systems : proceedings of an advanced seminar conducted by the Mathematics Research Center, The University of Wisconsin--Madison, October 22-24, 1979 /

Guardado en:
Autores Corporativos: Advanced Seminar on Dynamics and Modelling of Reactive Systems University of Wisconsin--Madison), University of Wisconsin--Madison. Mathematics Research Center.
Otros Autores: Stewart, Warren E., 1924-, (Editor , ed.), Ray, W. Harmon 1940-, (Editor , ed.), Conley, Charles C., 1933-, (Editor , ed.)
Formato: Libro
Idioma:English
Publicado: New York : Academic Press, 1980.
Series:Publication ... of the Mathematics Research Center, the University of Wisconsin--Madison ; no. 44.
Materias:
Etiquetas: Agregar Etiqueta
Sin Etiquetas, Sea el primero en etiquetar este registro!
LEADER 01556cam a22003015a 4500
001 EIQ.libpla000578
008 800716s1980####nyua#####b####001#0#eng#d
005 20060315185536.0
245 1 0 |a Dynamics and modelling of reactive systems :  |b proceedings of an advanced seminar conducted by the Mathematics Research Center, The University of Wisconsin--Madison, October 22-24, 1979 /  |c edited by Warren E. Stewart, W. Harmon Ray, Charles C. Conley. 
260 |a New York :  |b Academic Press,  |c 1980. 
300 |a xi, 413 p. :  |b il. ;  |c 24 cm. 
490 1 |a Publication of the Mathematics Research Center, The University of Wisconsin--Madison ; no. 44 
504 |a Incluye referencias bibliográficas e índice. 
020 |a 0126695504 
111 2 |a Advanced Seminar on Dynamics and Modelling of Reactive Systems  |d (1979 :  |c University of Wisconsin--Madison) 
700 1 |a Stewart, Warren E.,  |d 1924-,  |e ed.  |4 edt 
700 1 |a Ray, W. Harmon  |q (Willis Harmon),  |d 1940-,  |e ed.  |4 edt 
700 1 |a Conley, Charles C.,  |d 1933-,  |e ed.  |4 edt 
710 2 |a University of Wisconsin--Madison.  |b Mathematics Research Center. 
830 0 |a Publication ... of the Mathematics Research Center, the University of Wisconsin--Madison ;  |v no. 44. 
082 0 0 |a 510 s  |a 003  |2 19 
650 4 |a Cinética química  |x Modelos matemáticos. 
650 4 |a Cinética química  |x Congresos. 
650 4 |a Chemical kinetics  |x Mathematical models. 
650 4 |a Chemical kinetics  |x Congresses. 
010 |a  80019714  
040 |a DLC  |c DLC  |d AR-BbSID 
859 |a AR-BbSID  |b BIB. PLAPIQUI  |h 541.3  |i Ad 95  |p 1574